000 00753cam a22002295a 4500
001 18382528
005 20161208114619.0
008 141121t2015 gw a frb 001 0 eng d
020 _a9783642551628
040 _aDLC
_beng
_cDLC
_dEG-ScBUE
082 0 4 _222
_a617.693
_bCEM
245 0 0 _aCementation in dental implantology :
_ban evidence-based guide /
_ceditor Chandur Wadhwani.
260 _aHeidelberg :
_bSpringer,
_cc.2015.
300 _axii, 202 p. :
_bill. ;
_c24 cm.
500 _aIndex : p. 199-202.
504 _aIncludes bibliographical references.
650 7 _2BUEsh
_935980
_aDental implants.
650 7 _2BUEsh
_aDental implants
_xComplications.
653 _bDDent
_cDecember2016
700 1 _aWadhwani, Chandur,
_eeditor.
942 _2ddc
999 _c23519
_d23491